00418nam a2200145Ia 4500003000400000005001700004008004100021040000900062082001800071100004100089245007200130260004100202300000900243650002000252OSt20200226154307.0190216s9999||||xx |||||||||||||| ||und|| coclc a297.63bNAD/I aNadvi, Maulana Sayyid Abulhasan Ali  0aIslamile Navodhana Nayakanmar /cMaulana Sayyid Abulhasan Ali Nadwi bMufakkirul Islam Foundations,c2009. a268p aIslamic History